Managerial Accounting: Information for Decisions. (Record no. 5632)

MARC details
005 - DATE AND TIME OF LATEST TRANSACTION
control field 20250627124933.0
020 ## - INTERNATIONAL STANDARD BOOK NUMBER
International Standard Book Number 0-324-15988-9
082 ## - DEWEY DECIMAL CLASSIFICATION NUMBER
Classification number 658.151 ING
100 ## - MAIN ENTRY--PERSONAL NAME
Author name INGRAM, R. W.
245 ## - TITLE STATEMENT
Title Managerial Accounting: Information for Decisions.
250 ## - EDITION STATEMENT
Edition statement 3rd Ed.
260 ## - PUBLICATION, DISTRIBUTION, ETC.
Place of publication, distribution, etc. Australia,
Name of publisher, distributor, etc. South Western,
Date of publication, distribution, etc. 2003.
300 ## - PHYSICAL DESCRIPTION
Extent xxiv, 575p.: ill.; figure
Other physical details Index
Dimensions 28cm
700 ## - ADDED ENTRY--PERSONAL NAME
Other authors/Editors ALBRIGHT, T. L. [...et al...]
942 ## - ADDED ENTRY ELEMENTS (KOHA)
Source of classification or shelving scheme Dewey Decimal Classification
Koha item type Books
Holdings
Date last seen Total checkouts Full call number Barcode Cost, replacement price Price effective from Koha item type Lost status Source of classification or shelving scheme Damaged status Not for loan Withdrawn status Home library Current library Shelving location Date acquired Cost, normal purchase price
06/27/2025   658.151 ING DOM000223 150000.00 06/27/2025 Books   Dewey Decimal Classification       CBE Dodoma CBE Dodoma General Collection 06/27/2006 50000.00
06/27/2025   658.151 ING DOM000199 150000.00 06/27/2025 Books   Dewey Decimal Classification       CBE Dodoma CBE Dodoma General Collection 06/27/2006 50000.00
06/27/2025   658.151 ING DOM000480 150000.00 06/27/2025 Books   Dewey Decimal Classification       CBE Dodoma CBE Dodoma General Collection 06/27/2006 50000.00
06/27/2025   658.151 ING DOM000383 150000.00 06/27/2025 Books   Dewey Decimal Classification       CBE Dodoma CBE Dodoma General Collection 06/27/2006 50000.00